00724nam a22002177a 450000100060000000300080000600500170001400800410003102000150007203500190008704000260010604100080013208200210014010000250016124501170018625000120030326000630031530000250037850400510040365100520045426523BD-RjUL20211209051029.0140322b xxu||||| |||| 00| 0 eng d a8121904986 a(BD-RjUL)26593 aBD-RjULbengcBD-RjUL aeng04a954.03bMAM 19951 aMahajan, Vidya Dhar.10aModern Indian history :bfrom 1707 to the present day ; (British rule in India and after) /cVidya Dhar Mahajan. a7th ed. aNew Delhi :bChand and Comp. Ltd.,c1990 [reprinted 1995]. axv, 685 p. ;c22 cm. aIncludes bibliographical references and index. 0aIndiavHistoryxBritish occupationy1765-1947.